| 000 | 00000nam 2200000zi 4500 |
| 001 | 9.946535 |
| 003 | CaOODSP |
| 005 | 20250224144124 |
| 006 | m o d f |
| 007 | cr mn||||||||| |
| 008 | 250106s1981 onc o f000 0 fre d |
| 040 | |aCaOODSP|bfre|erda|cCaOODSP |
| 043 | |an-cn---|ancpn---|anwco---|as-ve---|anwdr--- |
| 086 | 1 |aId37-21/1981F-PDF |
| 245 | 00|aRapport de la mission sur le porc et les produits du porc au Panama, à Curaçao, au Venezuela et en République dominicaine, 17 au 27 mars 1981. |
| 264 | 1|a[Ottawa] : |bGouvernement du Canada, Industrie et commerce = Government of Canada, Industry, Trade and Commerce, |c[1981?] |
| 300 | |a1 ressource en ligne (37 pages) |
| 336 | |atexte|btxt|2rdacontent/fre |
| 337 | |ainformatique|bc|2rdamedia/fre |
| 338 | |aressource en ligne|bcr|2rdacarrier/fre |
| 500 | |aPublié aussi en anglais sous le titre : Report of the Canadian pork and pork products mission to Panama, Curaçao, Venezuela and the Dominican Republic, March 17-27, 1981. |
| 500 | |aÉdition numérisée de l'imprimé [par Innovation, sciences et développement économique Canada]. |
| 650 | 6|aPorc (Viande)|xIndustrie|zCanada. |
| 650 | 6|aPorcs|xIndustrie|zCanada. |
| 650 | 6|aÉtudes de marché|zPanamá. |
| 650 | 6|aÉtudes de marché|zAntilles néerlandaises|zCuraçao. |
| 650 | 6|aÉtudes de marché|zVenezuela. |
| 650 | 6|aÉtudes de marché|zRépublique dominicaine. |
| 651 | 6|aCanada|xCommerce|zPanamá. |
| 651 | 6|aCanada|xCommerce|zAntilles néerlandaises|zCuraçao. |
| 651 | 6|aCanada|xCommerce|zVenezuela. |
| 651 | 6|aCanada|xCommerce|zRépublique dominicaine. |
| 710 | 1 |aCanada. |bIndustrie et commerce, |eorganisme de publication. |
| 775 | 08|tReport of the Canadian pork and pork products mission to Panama, Curaçao, Venezuela and the Dominican Republic, March 17-27, 1981.|w(CaOODSP)9.933141 |
| 856 | 40|qPDF|s671 Ko|uhttps://publications.gc.ca/collections/collection_2025/isde-ised/Id37-21-1981-fra.pdf |